| 000 | 00844nam a2200217Ii 4500 | ||
|---|---|---|---|
| 003 | JO-AjNU | ||
| 008 | 230605s9999||||xx |||||||||||||| ||und|| | ||
| 017 | _a2009/3/950 | ||
| 040 |
_aJO-AjNU _bara _erda _cJO-AjNU |
||
| 041 | _aara | ||
| 050 | 1 | 4 | _aHF5686.A36.A363 2010 |
| 100 | 3 |
_aاحمد، محمود جلال / م.مشارك: ايهاب نظمي ابراهيم, _eauthor _929798 |
|
| 245 | 0 | 0 | _aمحاسبة التكاليف الزراعية |
| 250 | _aط1 العربية | ||
| 264 | 3 | 1 | _aعمان: مكتبة المجتمع العربي للنشر والتوزيع، 2010 |
| 300 |
_a223ص _bيحتوي على ببلوغرافية |
||
| 336 |
_atext _btxt _2rdacontent |
||
| 337 |
_aunmediated _bn _2rdamedia |
||
| 338 |
_avolume _bnc _2rdacarrier |
||
| 650 | 4 |
_aالمحاسبة المالية - محاسبة التكاليف _929799 |
|
| 999 |
_aA11733 _c15301 _d15301 |
||